000 01128nam0a22003011 4500
001 RU\NLR\INFOCOMM_165\5000016400
005 20250613101431.0
035 _a(NLR Aleph) 009378901
090 _a7969899
_c7969899
100 _a20101224d1989 |||y0rusy50 ca
101 0 _aeng
102 _aRU
105 _aa ||||000|y
200 1 _aˆThe ‰power correction to the asymptotics of the cross section for process γγ→π⁺π⁻ in QCD
_fA. S. Gorsky
210 _aM.
_cAtominform
_d1989
215 _a13 с.
_cил.
_d20 см
225 1 _aInst. of theoretical a. experimental physics
_v48-89
300 _aВ вып. дан.: Степенная поправка к асимптотике сечения процесса γγ→π⁺π⁻ в КХД / Горский А. С.
320 _aБиблиогр.: с. 13
606 _aКвантовая хромодинамика
_2nlr_sh1
686 _aВ382.145
_2rubbk
700 1 _9z01790
_aGorskij
_bA. S.
_4070
790 1 _9z01700
_aGorsky
_bA. S.
_4070
801 1 _aRU
_bNLR
_c20101224
801 0 _aRU
_bNLR
_gPSBO
852 _aNLR
_jФз01 Д-4/5335
942 _cBOOK
980 _aNB